[Event "RSA-ch U18/20 Girls"]
[Site "Bloemfontein"]
[Date "2016.03.21"]
[Round "2"]
[White "Acho, Petra"]
[Black "Alexander, Suedene"]
[Result "1-0"]
[WhiteElo "1092"]
[BlackElo "805"]
[PlyCount "101"]
[EventDate "2016.03.20"]
[EventType "swiss"]
[EventRounds "11"]
[EventCountry "RSA"]
[SourceTitle "CBM 171 Extra"]
[Source "ChessBase"]
[SourceDate "2016.04.26"]
[SourceVersion "1"]
[SourceVersionDate "2016.04.26"]
[SourceQuality "1"]

1. e4 e5 2. Nf3 Bd6 3. Bc4 Nf6 4. d3 Nc6 5. Bg5 0-0 6. Nc3 Bb4 7. Bd2 d5 8. exd5 Bxc3 9. Bxc3 e4 10. dxc6 exf3 11. Qxf3 Re8+ 12. Kf1 Bg4 13. Bxf6 Qxf6 14. Qxf6 gxf6 15. cxb7 Rab8 16. Bd5 Re5 17. Bb3 Rxb7 18. f3 Rg5 19. Kf2 Re5 20. Rae1 Bxf3 21. Rxe5 fxe5 22. Kxf3 c5 23. Ke4 Kg7 24. Rf1 f6 25. Kd5 Rb4 26. a3 Rb5 27. a4 Ra5 28. Rf3 c4+ 29. Kxc4 h5 30. Rg3+ Kh6 31. Kb4 Ra6 32. Rg8 Kh7 33. Rd8 Rb6+ 34. Kc5 Rb7 35. Kc6 Rg7 36. Rd7 Rxd7 37. Kxd7 f5 38. Ke6 Kg6 39. Kxe5 Kg5 40. g3 h4 41. gxh4+ Kg4 42. Be6 Kxh4 43. Bxf5 a6 44. d4 a5 45. d5 Kh5 46. d6 Kg5 47. d7 Kh5 48. d8Q Kh6 49. Qg8 Kh5 50. Qg6+ Kh4 51. Qg4# 1-0

[Event "RSA-ch U18/20 Girls"]
[Site "Bloemfontein"]
[Date "2016.03.20"]
[Round "1"]
[White "Marx, Inge"]
[Black "Acho, Petra"]
[Result "1-0"]
[WhiteElo "1678"]
[BlackElo "1092"]
[PlyCount "89"]
[EventDate "2016.03.20"]
[EventType "swiss"]
[EventRounds "11"]
[EventCountry "RSA"]
[SourceTitle "CBM 171 Extra"]
[Source "ChessBase"]
[SourceDate "2016.04.26"]
[SourceVersion "1"]
[SourceVersionDate "2016.04.26"]
[SourceQuality "1"]

1. e4 e5 2. Nf3 Nc6 3. Bc4 Nf6 4. d3 Bc5 5. c3 Na5 6. Nxe5 Nxc4 7. Nxc4 d6 8. 0-0 0-0 9. Bg5 c6 10. d4 Bb6 11. Qf3 h6 12. Bxf6 gxf6 13. Qg3+ Kh7 14. Qxd6 Qxd6 15. Nxd6 Bc7 16. Nxc8 Raxc8 17. Nd2 Rg8 18. f4 Rg4 19. e5 Rcg8 20. Rf2 fxe5 21. fxe5 R8g7 22. Raf1 Bb6 23. Nc4 Bc7 24. Ne3 Re4 25. Nf5 Rg8 26. Ng3 Reg4 27. Rxf7+ R4g7 28. Nh5 Kg6 29. Nxg7 Rxg7 30. R1f6+ Kh7 31. e6 Bd6 32. Rd7 Be7 33. Rf7 Rxf7 34. exf7 Bf8 35. Rxb7 a5 36. Ra7 Kg7 37. Rxa5 Kxf7 38. Rf5+ Kg7 39. Rxf8 Kxf8 40. Kf2 Ke7 41. Ke3 Kd6 42. Ke4 Ke6 43. Kf4 Kf6 44. Kg4 Kg6 45. a4 1-0